Movies Quiz

Random Movies or Nominee Quiz
Score 0/25 Timer 10:00
0 Plays Today
Actor Movie % Correct
Leonardo DiCaprioRevolutionary Road & Titanic
91.3%
Christian BaleAmerican Hustle
87%
Christian BaleThe Dark Knight Rises
81.3%
Matt DamonThe Departed
80.4%
Cate BlanchettThe Aviator
75%
Leonardo DiCaprio**Inception
72%
Michael FassbenderX-Men: First Class & X-Men: Days of Future Past
63.6%
Leonardo DiCaprioShutter Island
52.7%
Cate BlanchettThe Monuments Men & Ponyo & The Talented Mr. Ripley
48.6%
Cate BlanchettHanna
45.9%
Bryan CranstonContagion & Saving Private Ryan
41.8%
Christian BaleI'm Not There & Knight of Cups
39.7%
Bryan CranstonContagion
35.1%
Actor Movie % Correct
Matt DamonContagion
35.1%
Mark RuffaloAll the King's Men & Eternal Sunshine of the Spotless Mind
34%
Cate BlanchettElizabeth: The Golden Age
30.2%
Christian BaleThe Machinist
25.5%
Matt DamonThe Good Shepherd
17.1%
Eddie RedmayneThe Other Boleyn Girl
15.8%
Brie LarsonGreenberg & The Spectacular Now
13.6%
Jennifer Jason LeighIn the Cut
12.8%
Brie Larson13 Going on 30
10.6%
Matt DamonMargaret
9.8%
Brie LarsonTanner Hall
9%
Charlotte RamplingFarewell, My Lovely
6.3%
Come Together.
Have Fun.
All Virtual.
We all need to come together. Play Sporcle's virtual live trivia to have fun, connect with people, and get your trivia on. Join a live hosted trivia game for your favorite pub trivia experience done virtually. If a virtual private party is more your thing, go here for details.

You're not logged in!

Compare scores with friends on all Sporcle quizzes.
OR
Log In

Sporcle TV

Today on Sporcle TV


Watch our educational content, quiz creation guides, and fun videos on Sporcle TV.

Show Comments

Extras

Top Quizzes Today


Score Distribution

Paid Content

Your Account Isn't Verified!

In order to create a playlist on Sporcle, you need to verify the email address you used during registration. Go to your Sporcle Settings to finish the process.

Report this User

Report this user for behavior that violates our Community Guidelines.

Details: